| 000 | 00437nam a2200181Ia 4500 | ||
|---|---|---|---|
| 001 | 8249 | ||
| 005 | 20260306160555.0 | ||
| 008 | 260306t2017||||xx |||||||||||||| ||spa|| | ||
| 041 | _aESP | ||
| 082 |
_a370.15195 _bB72 |
||
| 100 |
_aBologna, Eduardo _eAUT |
||
| 245 | 0 | _aEstadística para psicología y educación | |
| 260 | _c2017 | ||
| 300 |
_a501 páginas : _c25 cm. |
||
| 650 | _aGEN | ||
| 654 | _aCED | ||
| 942 |
_cLIB _dJUS _fJUS _2ddc _n |
||
| 999 |
_c8249 _d8249 |
||